[Event "ROM-ch U16 Girls"]
[Site "Mamaia"]
[Date "2021.04.11"]
[Round "6"]
[White "Albu, Camelia"]
[Black "Batagan, Ilinca Petra"]
[Result "0-1"]
[WhiteElo "1504"]
[BlackElo "1833"]
[PlyCount "108"]
[EventDate "2021.04.07"]
[EventType "swiss"]
[EventRounds "9"]
[EventCountry "ROU"]
[SourceTitle "EXT 2022"]
[Source "ChessBase"]
[SourceDate "2021.10.06"]
[SourceVersion "1"]
[SourceVersionDate "2021.10.06"]
[SourceQuality "1"]

1. d4 d5 2. Bf4 Bf5 3. e3 e6 4. Bd3 Bxd3 5. Qxd3 Bd6 6. Bg3 Nf6 7. Nd2 0-0 8. Ngf3 c5 9. c3 Nc6 10. Ne5 c4 11. Qc2 Bxe5 12. Bxe5 Nxe5 13. dxe5 Ng4 14. Nf3 Qc7 15. Ng5 g6 16. f4 Qc5 17. Qe2 Qxe3 18. Qxe3 Nxe3 19. Kf2 Nf5 20. g4 Ne7 21. h4 h6 22. Nf3 Nc6 23. Rae1 b5 24. h5 Kg7 25. g5 hxg5 26. Nxg5 gxh5 27. Reg1 Kh6 28. Ke3 Ne7 29. Rh2 Nf5+ 30. Kf3 Rad8 31. Rgh1 h4 32. Kf2 d4 33. Nf3 dxc3 34. Nxh4 Nxh4 35. Rxh4+ Kg6 36. Rh5 f6 37. f5+ exf5 38. Rh6+ Kg5 39. bxc3 Kf4 40. e6 Rd2+ 41. Ke1 Rxa2 42. Rh8 Rxh8 43. Rxh8 Ra6 44. Re8 Ke5 45. e7 Re6 46. Kf2 Kd6 47. Rb8 Rxe7 48. Rxb5 Re5 49. Rb7 a5 50. Rb6+ Kd5 51. Rxf6 Ke4 52. Rd6 Rd5 53. Rh6 Kd3 54. Rh3+ Kc2 0-1

[Event "ROM-ch U16 Girls"]
[Site "Mamaia"]
[Date "2021.04.09"]
[Round "3"]
[White "Batagan, Ilinca Petra"]
[Black "Schiopu, Oana Magdalena"]
[Result "1-0"]
[WhiteElo "1833"]
[BlackElo "1601"]
[PlyCount "63"]
[EventDate "2021.04.07"]
[EventType "swiss"]
[EventRounds "9"]
[EventCountry "ROU"]
[SourceTitle "EXT 2022"]
[Source "ChessBase"]
[SourceDate "2021.10.06"]
[SourceVersion "1"]
[SourceVersionDate "2021.10.06"]
[SourceQuality "1"]

1. d4 Nf6 2. Nf3 c5 3. c4 b5 4. e3 bxc4 5. Bxc4 e6 6. 0-0 Bb7 7. Nc3 cxd4 8. exd4 Qc7 9. Be2 a6 10. Be3 d6 11. Rc1 Qd8 12. Qb3 Qd7 13. Rfd1 Be7 14. d5 0-0 15. dxe6 fxe6 16. Ne5 Qc8 17. Na4 Bd5 18. Rxd5 Qe8 19. Rdd1 dxe5 20. Nb6 Nbd7 21. Nxa8 Qxa8 22. Qxe6+ Rf7 23. Rxd7 Nxd7 24. Qxd7 Rf8 25. Qxe7 Re8 26. Qd6 Qb7 27. b3 h6 28. Rc7 Qe4 29. h3 Qb1+ 30. Kh2 Qxa2 31. Bc4+ Kh7 32. Qd7 1-0